|
|
|
|
| LEADER |
00581nam a22001697a 4500 |
| 008 |
160930b xxu||||| |||| 00| 0 mal d |
| 020 |
|
|
|c INR25
|
| 082 |
|
|
|a 954.83
|
| 100 |
|
|
|a Kuruppu, K.K.N.
|
| 245 |
|
|
|a Mappila parambaryam /
|c K.K.N. Kuruppu
|
| 260 |
|
|
|a Calicut :
|b Irshad publications,
|c 1998.
|
| 300 |
|
|
|a 116 p. ;
|
| 650 |
|
|
|a Mappilas
|v History
|z Kerala
|
| 942 |
|
|
|c BK
|
| 546 |
|
|
|a In malayalam
|
| 999 |
|
|
|c 286385
|d 286385
|
| 952 |
|
|
|0 0
|1 0
|2 ddc
|4 0
|6 M_954_830000000000000_KUR_M
|7 0
|9 325110
|a FLK
|b FLK
|c ST1
|d 2016-09-30
|e BK
|g 25.00
|i 785
|l 2
|o M 954.83 KUR/M
|p FLK785
|r 2020-02-27
|s 2020-02-14
|y BK
|